000 00586nam a2200229Ia 4500
003 OSt
005 20230502115009.0
008 210423s2008 xx 000 0 und d
020 _a9780199269143
040 _cAL
041 _aeng
082 _a338.19 BHAA
_223
100 _aBHARGAVA (Alok)
_982434
245 _aFood economics and health
260 _aOxford
_bOxford University Press
_c2008
300 _axi,221
_bHB
365 _b645
_cINR
650 _aEconomics
_982435
650 _aProduction Economics
_982436
906 _aeconomics ; Food ; health
942 _2ddc
_cBK
999 _c158576
_d158576